000 00204 a2200109 4500
020 _a9789502408071
041 _aspa
100 _aMoses, Brian
245 _aQue me Importa
942 _cBK
952 _71
999 _c16791
_d16791